000
00355nam a2200145Ia 4500
008
151213s9999 xx 000 0 und d
100
_a
Michado' Nill
245
_a
The Poems of W.B.Poets
_c
Michado' Nill
260
_a
London
_b
Routtadge
_c
2002
300
_a
2202 p.
650
_a
English
650
_a
English
700
_a
Michado' Nill
999
_c
1607
_d
1607